000 00623nam a2200241Ia 4500
003 OSt
005 20220918230047.0
006 a|||||r|||| 00| 0
007 ta
008 220917b |||||||| |||| 00| 0 eng d
024 _a247,987
037 _cTextual
040 _aARTS
_cARTS
_beng
041 _2eng
_aeng
082 _aX9De, K2
100 _aEilon Samuel
_9130039
245 0 _aIndustrial engineering tables
260 _aLondon
_bD. Van Nostrand Company Ltd. U K
_c1962
300 _a232p.
_ccm.
650 _aECONOMICS
942 _hX9De, K2
_cTEXL
_2CC
999 _c286883
_d286883